Normal view
MARC view
- TE-45/TCC-20
Entry Geographic Name
001 - CONTROL NUMBER
- control field: 131493
003 - CONTROL NUMBER IDENTIFIER
- control field: NUST
005 - DATE AND TIME OF LATEST TRANSACTION
- control field: 20251023134737.0
008 - FIXED-LENGTH DATA ELEMENTS
- fixed length control field: 251023|| aca||aabn | a|a d
040 ## - CATALOGING SOURCE
- Original cataloging agency: NUST
- Transcribing agency: NUST
151 ## - HEADING--GEOGRAPHIC NAME
- Geographic name: TE-45/TCC-20
670 ## - SOURCE DATA FOUND
- Source citation: Work cat.: (NUST)190715: Khawaja, Ahthsham TE-45/TCC-20 131492, Development Of GSM Sniffer /, 2012
